Turkish Cities: Hearts of Iron 4 - Statistics

General Stats
  • This quiz has been taken 59 times
  • The average score is 21 of 46
Answer Stats
State Victory Points City % Correct
Adana 5 Adana
94%
Ankara 15 Ankara
90%
Istanbul 25 Istanbul
86%
Afyon 5 Afyon
84%
Bursa 10 Bursa
84%
Izmir 15 Izmir
80%
Trabzon 15 Trabzon
80%
Izmit 1 İzmit
78%
Malatya 10 Malatya
78%
Edirne 5 Edirne
76%
Hakkari 1 Hakkâri
76%
Konya 5 Konya
76%
Amasya 5 Amasya
75%
Van 5 Van
75%
Diyarbakır 5 Diyarbakır
71%
Tunceli 1 Tunceli
71%
Antalya 5 Antalya
69%
Kastamonu 10 Kastamonu
69%
Mersin 1 Mersin
67%
Samsun 10 Samsun
67%
Gaziantep 15 Gaziantep
65%
Sivas 3 Sivas
63%
Kayseri 5 Kayseri
59%
Tarsus 5 Tarsus
57%
Diyarbakır 1 Batman
49%
Trabzon 5 Kars
33%
Trabzon 3 Erzurum
24%
Ankara 3 Kırıkkale
22%
Ankara 1 Eskişehir
18%
Malatya 3 Kahramanmaraş
16%
Kastamonu 3 Sinop
16%
Amasya 3 Yozgat
16%
Izmir 5 Manisa
14%
Afyon 1 Denizli
12%
Konya 1 Isparta
12%
Diyarbakır 1 Urfa
12%
Konya 3 Karaman
10%
Afyon 3 Kütahya
10%
Tunceli 1 Xarpêt
8%
Tunceli 1 Erzîngan
6%
Trabzon 3 Gümüşhane
6%
Van 1 Qerekose
6%
Hakkari 1 Sêrt
6%
Hakkari 1 Cizîr
4%
Izmit 1 Adapazan
2%
Bursa 5 Balikersir
2%
No matching quizzes found
Score Distribution
Percent of People with Each Score
Percentile by Number Answered
Your Score History
You have not taken this quiz